History of Zionism, 1600-1918 / (Record no. 171447)

MARC details
000 -LEADER
campo de control de longitud fija 00708nam a22001815i 4500
001 - NÚMERO DE CONTROL
campo de control 171447
003 - IDENTIFICADOR DE NÚMERO DE CONTROL
campo de control ES-MaACL
005 - FECHA Y HORA DE LA ÚLTIMA TRANSACCIÓN
campo de control 20230906214633.0
008 - DATOS DE LONGITUD FIJA--INFORMACIÓN GENERAL
campo de control de longitud fija 090514s1919 xxk |||| | eng d
100 1# - ENTRADA PRINCIPAL--NOMBRE DE PERSONA
Nombre de persona Sokolow, Nahum.
9 (RLIN) 140164
245 10 - MENCIÓN DEL TÍTULO
Título History of Zionism, 1600-1918 /
Mención de responsabilidad, etc. by Nahum Sokolow; with an introduction by the Rt. Hon. A. J. Balfour ... Portraits and illustrations, selected and arranged by Israel Solomons.
260 ## - PUBLICACIÓN, DISTRIBUCIÓN, ETC.
Lugar de publicación, distribución, etc. London [etc.] :
Nombre del editor, distribuidor, etc. Longmans, Green and Co.,
Fecha de publicación, distribución, etc. 1919.
300 ## - DESCRIPCIÓN FÍSICA
Extensión 1 vol. :
Otras características físicas il. ;
Dimensiones 23 cm.
650 14 - PUNTO DE ACCESO ADICIONAL DE MATERIA--TÉRMINO DE MATERIA
Término de materia o nombre geográfico como elemento de entrada Sionismo.
9 (RLIN) 17129
700 1# - ENTRADA AGREGADA--NOMBRE PERSONAL
Nombre de persona Balfour, Arthur James Balfour,
Títulos y otros términos asociados al nombre Earl of (
Fechas asociadas al nombre 1848-1930)
9 (RLIN) 24925
700 1# - ENTRADA AGREGADA--NOMBRE PERSONAL
Nombre de persona Solomons, Israel.
9 (RLIN) 140165
852 ## - LOCALIZACIÓN
Ubicación ES-MaACL
Número de control de estantería D-8745
Holdings
Estatus retirado Estado de pérdida Estado de daño No para préstamo Biblioteca de origen Biblioteca actual Ubicación en estantería Fecha de adquisición Fuente de adquisición Total de préstamos Signatura topográfica completa Código de barras Visto por última vez Precio de reemplazo Tipo de ítem Koha
        Biblioteca del Ateneo de Madrid Biblioteca del Ateneo de Madrid Sala Valle Inclán 14/05/2009     D-8745 901179924 23/02/2023 23/02/2023 Libro impreso